| 000 | 00890nam a2200289 c 4500 | ||
|---|---|---|---|
| 003 | BLK | ||
| 005 | 20240509152740.0 | ||
| 008 | 180408b bul|||||r ||||||| ||bul|| | ||
| 010 | _aKNG00053572000 | ||
| 020 | _a3-7772-9624-4 | ||
| 040 | _aBLK | ||
| 041 |
_aDEU _cDEU |
||
| 080 |
_aЛитература на отделни езици и езикови семейства _b821 _x(100)(03) _z821(100)(03) |
||
| 139 |
_aDer Grosse Romanfuhrer _bG 88 |
||
| 245 | 1 | 0 |
_aDer Grosse Romanfuhrer _b500 Hauptwerke der Weltliteratur: Inhalte, Themen , Personnen |
| 257 | _aDEU | ||
| 260 |
_bHiersemann _c1996 _aStuttgart |
||
| 300 |
_a760 c _c22 cm |
||
| 380 | _a82 | ||
| 852 | _aЦб 193570 | ||
| 856 | 4 | _qpdf | |
| 856 | 4 | _qpdf | |
| 942 |
_cKNG _n0 |
||
| 944 |
_aCR _c01.01.1999 _k30556 _lТеодора Пейчева-Дянкова |
||
| 944 |
_aED _c13.02.2017 _kЛили_Борисова |
||
| 999 |
_c49716 _d49716 |
||
| 999 | _d49716 | ||